000 00698nam a22002057a 4500
999 _c55270
_d55270
008 200130b ||||| |||| 00| 0 eng d
020 _a192865326X
020 _a9781928653264
050 _aHV6432
_b.T86 2006
100 _aTrifkovic, Srdja.
245 _aDefeating jihad :
_bhow the War on Terrorism can be won- in spite of ourselves /
_cSerge Trifkovic.
260 _a Boston, MA :
_bRegina Orthodox Press,
_c2006.
300 _a335p. ;
_c23 cm
500 _aIncludes bibliographical references and index.
650 _aJihad.
650 _aWar on Terrorism, 2001-2009.
650 _aIslam and world politics.
650 _aTerrorism
_xReligious aspects
_xIslam.
942 _2lcc
_cBK